Taylor Swift - The Archer (All Lyrics) - Statistiques

Statistiques générales
  • Ce quiz a été pris 51 fois
  • Le résultat moyen est 225 sur 272
Statistiques - réponses
Réponse % Correct
A
100%
I
100%
The
100%
To
100%
Archer
97%
Been
97%
Could
97%
Ever
97%
I’ve
97%
Leave
97%
Me
97%
Me,
97%
Me?
97%
On
97%
Stay?
97%
Stay
97%
They
97%
Who
97%
You
97%
But
94%
Combat
94%
Darling?
94%
For
94%
I’m
94%
Ready
94%
Hold
91%
In
91%
What
91%
And
88%
If
88%
Prey
88%
Right,
88%
Right
88%
All
85%
‘Cause
85%
Of
85%
Go
82%
My
82%
See
82%
Through
82%
Cruelty
79%
Do?
79%
Movies
79%
That,
79%
Come,
76%
Don’t
76%
Want
76%
Alone
74%
Can
74%
Easy
74%
King’s
71%
Said
71%
Say
71%
Again
68%
Friends
68%
Help
68%
Out
68%
So
68%
Wins
68%
Almost
65%
Ennemies
65%
From
65%
Hundred
65%
Jump
65%
Never
65%
Together
65%
Got
62%
Off
62%
Onto
62%
Started
62%
Up,
62%
Screaming,
59%
Speeches
59%
Couldn’t
56%
Dark
56%
Here?
56%
Horses
56%
Is
56%
Men
56%
Getting
53%
Ghost
53%
Invisible
53%
It’s
53%
Old
53%
Put
53%
Train,
53%
Die
50%
Grew
50%
Night,
50%
Room
50%
Side
50%
Your
50%
Fire,
47%
Like
47%
Search
47%
Smoke
47%
Years
47%
Reflection,
44%
Cut
41%
Face
41%
Heroes
41%
Nose
41%
Ride
41%
Wake
41%
Thrown
38%
Hate
35%
Just
35%
Pace
35%
Then
32%
Spite
26%
Aucun quiz correspondant
Distribution des résultats
% des personnes avec chaque résultat
Percentile par nombre de réponses
Votre historique - résultats
Vous n’avez pas pris ce quiz